Oeuvres illustrées du bibliophile P. L. Jacob. (Record no. 156847)

MARC details
000 -LEADER
campo de control de longitud fija 00846nam a2200217 i 4500
001 - NÚMERO DE CONTROL
campo de control 156847
003 - IDENTIFICADOR DE NÚMERO DE CONTROL
campo de control ES-MaACL
005 - FECHA Y HORA DE LA ÚLTIMA TRANSACCIÓN
campo de control 20230906210519.0
008 - DATOS DE LONGITUD FIJA--INFORMACIÓN GENERAL
campo de control de longitud fija 040729q18501852fr a |||| | fre d
040 ## - FUENTE DE CATALOGACIÓN
Centro catalogador/agencia de origen CAM
Lengua de catalogación spa
Centro/agencia transcriptor CAM
100 1# - ENTRADA PRINCIPAL--NOMBRE DE PERSONA
Nombre de persona Lacroix, Paul (
Fechas asociadas al nombre 1806-1884)
9 (RLIN) 69408
245 14 - MENCIÓN DEL TÍTULO
Título Oeuvres illustrées du bibliophile P. L. Jacob.
Nombre de parte o sección de la obra Les aventures du grand Balzac, 1635 /
Mención de responsabilidad, etc. illustrés par Édouard Frère.
260 ## - PUBLICACIÓN, DISTRIBUCIÓN, ETC.
Lugar de publicación, distribución, etc. Paris :
Nombre del editor, distribuidor, etc. [s.n.,
Fecha de publicación, distribución, etc. 185?] (
Fabricante Imp. deGerdès)
300 ## - DESCRIPCIÓN FÍSICA
Extensión 48 p. :
Otras características físicas il. ;
Dimensiones 30 cm.
500 ## - NOTA GENERAL
Nota general Datos tomados de la primera página.
594 ## - Nota al título y mención de responsabilidad
Nota al título y mención de responsabilidad Bibliophile Jacob es seud. de Paul Lacroix.
596 ## - NOTA AL PIE DE IMPRENTA
NOTA AL PIE DE IMPRENTA Impreso ca. en la segunda mitad del S. XIX.
597 ## - NOTA DE DESCRIPCIÓN FÍSICA
NOTA DE DESCRIPCIÓN FÍSICA Texto a dos col.
700 1# - ENTRADA AGREGADA--NOMBRE PERSONAL
Nombre de persona Frère, Édouard.
9 (RLIN) 127159
852 ## - LOCALIZACIÓN
Ubicación ES-MaACL
Número de control de estantería R-1705(1)
Nota libre -- Enc. hol. en un vol. facticio
condición física .- Ejemplar sin portada
Holdings
Estatus retirado Estado de pérdida Estado de daño No para préstamo Colección Biblioteca de origen Biblioteca actual Ubicación en estantería Fecha de adquisición Total de préstamos Signatura topográfica completa Código de barras Visto por última vez Precio de reemplazo Tipo de ítem Koha
        Libros del s. XIX Biblioteca del Ateneo de Madrid Biblioteca del Ateneo de Madrid Depósito 17/01/2008   R-1705(1) 1164102 23/02/2023 23/02/2023 Libro impreso antiguo